| 000 | 00541nam a2200205Ia 4500 | ||
|---|---|---|---|
| 005 | 20260429112153.0 | ||
| 008 | 260429s9999||||xx |||||||||||||| ||und|| | ||
| 020 | _a9781032249193 | ||
| 041 | _aEnglish | ||
| 082 |
_a364.16 _bGRA |
||
| 100 | _aGraham, Roderick S. | ||
| 245 | 0 |
_aCybercrime and digital deviance / _cRoderick S. Graham |
|
| 250 | _a2nd ed. | ||
| 260 |
_aNew York : _bRoutledge, _c2024. |
||
| 300 | _ax, 217 p.; pbk | ||
| 650 | _a Digital deviance | ||
| 650 | _aCybercrime | ||
| 700 | _a Smith, Shawn K. | ||
| 942 | _cTB | ||
| 999 |
_c52708 _d52708 |
||